Nové inhibítory acetylcholínesterázy a ich interakcia s neuroblastómovými bunkami dizertačná práca

Guardado en:
Detalles Bibliográficos
Autor principal: Krajňáková, Lucia
Formato: Libro
Lenguaje:eslovaco
Publicado: Bratislava STU FCHPT 2014
Acceso en línea:Ver en el OPAC
Etiquetas: Agregar Etiqueta
Sin Etiquetas, Sea el primero en etiquetar este registro!

MARC

LEADER 00000nam a2200000 a 4500
005 20260127134234.0
008 160226 2014 000 0 slo d
035 |a vtls011508274 
039 9 |y 201602260836  |z mschk02 
040 |a STUSCHK1  |b slo  |c STUSCHK1  |e AACR2 
100 1 |a Krajňáková, Lucia 
245 1 |a Nové inhibítory acetylcholínesterázy a ich interakcia s neuroblastómovými bunkami  |b dizertačná práca  |c Lucia Krajňáková 
260 |a Bratislava  |b STU FCHPT  |c 2014 
300 |a 133 s.  |b il.  |c 24 cm 
500 |a Školiace pracovisko: Odd. biochémie a mikrobiológie 
910 |a SCHK95 
999 |c 7552  |d 7552